Public financing and deregulated fees in Indian higher education / (Record no. 93689)

MARC details
000 -LEADER
fixed length control field 00723nam a22002177a 4500
005 - DATE AND TIME OF LATEST TRANSACTION
control field 20150713143030.0
010 ## - LCCN (DPL NO)
LC control number ENG-113102
020 ## - INTERNATIONAL STANDARD BOOK NUMBER
International Standard Book Number 9788189640989
Terms of availability 495.00
035 ## - SYSTEM CONTROL NUMBER
System control number EN-96634
037 ## - SOURCE OF ACQUISITION
Source of stock number/acquisition DBAD/PUB
082 ## - DEWEY DECIMAL CLASSIFICATION NUMBER
Classification number 378.54
100 ## - MAIN ENTRY--PERSONAL NAME
Personal name Sudhanshu Bhushan
245 ## - TITLE STATEMENT
Title Public financing and deregulated fees in Indian higher education /
Statement of responsibility, etc by Sudhanshu Bhushan
260 ## - PUBLICATION, DISTRIBUTION, ETC. (IMPRINT)
Place of publication, distribution, etc New Delhi
Name of publisher, distributor, etc Bookwell
Date of publication, distribution, etc 2010
270 ## - ADDRESS
Address 3/79, Nirankari Colony,
City New Delhi
Postal code 110009
300 ## - PHYSICAL DESCRIPTION
Extent xvi,198p. :
Dimensions 23cm(Hb)
Other physical details ill.
500 ## - GENERAL NOTE
General note Includes bibliographical references (pages 193-198).
650 ## - SUBJECT ADDED ENTRY--TOPICAL TERM
Topical term or geographic name as entry element Education, Higher
Geographic subdivision India
General subdivision Finance.
650 ## - SUBJECT ADDED ENTRY--TOPICAL TERM
Topical term or geographic name as entry element Tuition
Geographic subdivision India.
942 ## - ADDED ENTRY ELEMENTS (KOHA)
Source of classification or shelving scheme Dewey Decimal Classification
Item type English Books
Call number suffix SUD
Classification part 378.54
Holdings
Withdrawn status Lost status Not for loan Collection code Home library Current library Date acquired Source of acquisition Cost, normal purchase price Full call number Barcode Copy number Cost, replacement price Koha item type
    Not For Loan Non-fiction D.B.Act.Division D.B.Act.Division 18/05/2015 DBAD/PUB 495.00 378.54 SUD EN-96634 1 495.00 English Books

© Delhi Public Library
Hit Counter
free hit counter